000 00314nam a22001457a 4500
008 210223b ||||| |||| 00| 0 eng d
020 _a9780324223927
041 _aeng
080 _23rd
_a330
082 _a330
100 _a52
101 _aEKO
245 _aExploring Economics
_cSexton, R
942 _2udc
_cBK
999 _c55107
_d55107